00773 2200253 4500001002100000005001500021035002000036007000300056008003900059020002200098082001100120084002000131100003900151245007100190300003100261650002000292700002400312520004500336264004500381336002100426337002300447338003800470990001100508INLIS00000000116673120260202014134 a0010-0126000593ta260202 | | |  a978-602-06-7411-7 a398.24 aSR 398.24 SIE k0 aSiento Soemiati Soetjiptoepenulis1 aKancil dan buaya /cSiento Soemiati Soetjipto; ilustrator, Sunarto e1 berkas komputer (3.3 MB) 4aCerita binatang0 aSunartoeilustrator aKancil dan Buaya sebuah novel legendaris aJakarta :bGramedia Pustaka Utama,c2023 2rdacontentaTeks 2rdamediaaKomputer 2rdacarrieraSumber sambung jaring a407143